Culture Netflix #1 - Statistiques

Statistiques générales
  • Ce quiz a été pris 2 266 fois
  • Le résultat moyen est 9 sur 15
Statistiques - réponses
Question Réponse % Correct
Quelle est la couleur du logo Netflix ? rouge
96%
Quelle série met en scène des braqueurs ? La casa de Papel
94%
Dans quelle série Netflix joue Jenna Ortega ? Mercredi
93%
Dans quels pays se déroulent la série "Elite" ? Espagne
82%
Qui est l'acteur du personnage principal dans la série "Lupin" ? Omar sy
77%
Quel est le prix arrondi a l'euro de l'abonnement Netflix le plus cher ? 20
73%
Quelle est série ou des adolescents cherchent des trésors ? Outer Banks
71%
Quel manga a été adaptée en série sur Netflix ? One piece
67%
Combien de personnes a tué Jeffrey Dahmer ? 17
51%
Quelle est l'année de création de Netflix ? 1997
45%
Dans la série Lucifer, quel est le métier de la personnage principale ? Policiere
40%
Quel jeu de stratégie est mis en scène à travers une série Netflix ? Echec
39%
Qui est le personnage principal de la série The Walking Dead ? Rick
37%
La vie c'est comme une ____ __ _________, on ne sait jamais sur quoi on va tomber. boite de chocolats
31%
Quel est le vrai nom de Saul Goodman dans la série Breaking Bad ? James McGill
4%
Aucun quiz correspondant
Distribution des résultats
% des personnes avec chaque résultat
Percentile par nombre de réponses
Votre historique - résultats
Vous n’avez pas pris ce quiz